000 01074nas a22002297a 4500
007 ta
008 230112s2019 xxk||||o |||| 00| 0 eng d
041 _aeng
100 _aRushton, Trevor
110 _94900
_aRoyal Institution of Chartered Surveyors
245 _aIdentifying problematic RAAC planks
_c[electronic resource]
260 _bRoyal Institution of Chartered Surveyors,
_c21 November 2019
490 _aRICS Built Environment Journal,
_v21 November 2019
520 _aThe potential for sudden failure of reinforced autoclaved aerated concrete planks has been highlighted recently. So how can surveyors tell whether the material has been used for construction and identify the warning signs?
650 _aBUILDING DEFECTS
650 _aCONCRETE
650 _aREINFORCED AUTOCLAVED AERATED CONCRETE
651 _aUnited Kingdom
690 _96225
_aBuilding surveying
700 _aRushton, Martin
856 _uhttps://ww3.rics.org/uk/en/journals/built-environment-journal/reinforced-autoclaved-aerated-concrete-planks.html
_zAvailable from RICS journals
999 _c121660
_d121660